[Event "42. Zuercher Weihnachtsopen 2018"]
[Site "Zurich"]
[Date "2018.12.29"]
[Round "6"]
[White "Narayanan.S.L"]
[Black "Pikula, Dejan"]
[Result "1-0"]
[WhiteElo "2575"]
[BlackElo "2486"]
[Annotator "ChessBase"]
[PlyCount "73"]
[EventDate "2018.12.26"]
[EventCountry "SUI"]
[SourceTitle "playchess.com"]
[Source "ChessBase"]
[SourceQuality "1"]

1. d4 Nf6 2. c4 e6 3. Nf3 Bb4+ 4. Nbd2 O-O 5. a3 Be7 6. e4 d6 7. Be2 Nbd7 8. Qc2 e5 9. Nb1 exd4 10. Nxd4 Re8 11. Nc3 Bf8 12. O-O Nc5 13. f3 a5 14. Be3 c6 15. Rad1 Qb6 16. b3 Bd7 17. Bf2 Nh5 18. Rfe1 Nf4 19. Bf1 Nfe6 20. Nf5 Qxb3 21. Qc1 Red8 22. Nxd6 Qb6 23. Na4 Qc7 24. Nxc5 Nxc5 25. Bxc5 b6 26. Bxb6 Qxb6+ 27. c5 Qa7 28. Kh1 Be6 29. e5 Rab8 30. h3 g6 31. Bc4 Qxc5 32. Bxe6 Bxd6 33. Bxf7+ Kxf7 34. Qf4+ Kg8 35. exd6 Rb7 36. Qf6 Qb6 37. d7 1-0

[Event "42. Zuercher Weihnachtsopen 2018"]
[Site "Zurich"]
[Date "2018.12.29"]
[Round "6"]
[White "Vorobiov, Evgeny E."]
[Black "Bluebaum, Matthias"]
[Result "1/2-1/2"]
[WhiteElo "2567"]
[BlackElo "2611"]
[Annotator "TA"]
[PlyCount "31"]
[EventDate "2018.12.26"]
[EventCountry "SUI"]
[SourceTitle "playchess.com"]
[Source "ChessBase"]
[SourceQuality "1"]

{[%evp 18,23,22,20,32,18,23,8]} 1. d4 d5 2. c4 c6 3. Nf3 Nf6 4. e3 Bf5 5. Nc3 e6 6. Bd3 Bg6 7. O-O Nbd7 8. Qe2 Ne4 {D12: Slav Defence: 3 Nf3 Nf6 4 e3 Bf5} (8... Bb4 9. Bd2 dxc4 10. Bxg6 hxg6 11. Qxc4 Qa5 12. h3 Bxc3 13. Bxc3 Qf5 14. Nd2 O-O 15. f3 e5 16. e4 Qh5 {½-½ (64) Anton Guijarro,D (2650)-Bartel,M (2641) Tallinn 2016}) 9. Nd2 Nxd2 10. Bxd2 {LiveBook: 3 Games} Nf6 11. cxd5 {Black should prevent Bxg6.} Bxd3 12. Qxd3 {Predecessor:} cxd5 $146 13. Qb5+ Qd7 14. Rfc1 Be7 15. f3 Rd8 16. Rc2 {0-1 (55) Andreasen,P (2325)-Schandorff,L (2485) Denmark 1996} 1/2-1/2

[Event "42. Zuercher Weihnachtsopen 2018"]
[Site "Zurich"]
[Date "2018.12.29"]
[Round "6"]
[White "Istratescu, Andrei"]
[Black "Aeschbach, Philipp"]
[Result "1-0"]
[WhiteElo "2564"]
[BlackElo "2288"]
[Annotator "ChessBase"]
[PlyCount "81"]
[EventDate "2018.12.26"]
[EventCountry "SUI"]
[SourceTitle "playchess.com"]
[Source "ChessBase"]
[SourceQuality "1"]

1. e4 e5 2. Nf3 Nc6 3. Bb5 Nf6 4. O-O Bc5 5. Nxe5 Nxe4 6. Qe2 Nxe5 7. d4 Be7 8. Qxe4 Ng6 9. f4 O-O 10. f5 d5 11. Qd3 Nh8 12. Qg3 f6 13. Bh6 Rf7 14. Nd2 Bd7 15. Bd3 Bd6 16. Bf4 Bxf4 17. Qxf4 Re7 18. c4 Bc6 19. Rfe1 Qe8 20. Nf3 Nf7 21. Rxe7 Qxe7 22. c5 Re8 23. Re1 Qd8 24. Rxe8+ Bxe8 25. Kf2 a6 26. g4 Qe7 27. Qe3 Kf8 28. h4 h6 29. Qxe7+ Kxe7 30. Ke3 Nh8 31. Ne1 Nf7 32. Ng2 c6 33. Nf4 Bd7 34. Kd2 Kf8 35. Be2 Nh8 36. Kc3 Kf7 37. Bd3 Ke7 38. Kb4 Be8 39. Ka5 Kd7 40. Ne6 g5 41. fxg6 1-0

[Event "42. Zuercher Weihnachtsopen 2018"]
[Site "Zurich"]
[Date "2018.12.29"]
[Round "6"]
[White "Burmakin, Vladimir"]
[Black "Svane, Rasmus"]
[Result "1/2-1/2"]
[WhiteElo "2520"]
[BlackElo "2596"]
[Annotator "ChessBase"]
[PlyCount "74"]
[EventDate "2018.12.26"]
[EventCountry "SUI"]
[SourceTitle "playchess.com"]
[Source "ChessBase"]
[SourceQuality "1"]

1. d4 Nf6 2. Nf3 d5 3. c4 e6 4. g3 dxc4 5. Qa4+ Nbd7 6. Bg2 a6 7. Qxc4 b5 8. Qd3 Bb7 9. O-O c5 10. dxc5 Bxc5 11. Be3 O-O 12. Bxc5 Nxc5 13. Qxd8 Rfxd8 14. Rc1 Rac8 15. Nc3 Rc7 16. Ne1 Bxg2 17. Nxg2 Rdc8 18. Nd1 Kf8 19. Nge3 Ke7 20. Rc2 Na4 21. Rac1 Rxc2 22. Rxc2 Rxc2 23. Nxc2 Kd6 24. f3 Kc5 25. b3 Nb6 26. e4 Nfd7 27. Nb2 Ne5 28. Kg2 b4 29. f4 Nc6 30. Kf2 a5 31. Ke3 f6 32. Nd3+ Kd6 33. Nd4 Ne7 34. Nb5+ Kc6 35. Nd4+ Kd6 36. Nb5+ Kc6 37. Nd4+ Kd6 1/2-1/2

[Event "42. Zuercher Weihnachtsopen 2018"]
[Site "Zurich"]
[Date "2018.12.29"]
[Round "6"]
[White "Kurmann, Oliver"]
[Black "Kunin, Vitaly"]
[Result "1/2-1/2"]
[WhiteElo "2447"]
[BlackElo "2535"]
[Annotator "ChessBase"]
[PlyCount "77"]
[EventDate "2018.12.26"]
[EventCountry "SUI"]
[SourceTitle "playchess.com"]
[Source "ChessBase"]
[SourceQuality "1"]

1. e4 d6 2. d4 Nf6 3. Nc3 Nbd7 4. Nf3 e5 5. Bc4 Be7 6. a4 O-O 7. O-O c6 8. h3 Qc7 9. Re1 exd4 10. Nxd4 Ne5 11. Ba2 Re8 12. Be3 Bd7 13. f4 Ng6 14. Qf3 Bf8 15. Bf2 a6 16. g4 c5 17. Nf5 Be6 18. Ne3 Bxa2 19. Rxa2 Qc6 20. Ned5 Nxd5 21. Nxd5 Ne7 22. c4 Nxd5 23. exd5 Qd7 24. a5 Rxe1+ 25. Bxe1 Re8 26. Bc3 Qe7 27. Ra1 Qd7 28. b3 f5 29. Re1 Rxe1+ 30. Bxe1 fxg4 31. Qxg4 Qf7 32. Kg2 Qg6 33. Qxg6 hxg6 34. Bh4 Kf7 35. Kf3 Ke8 36. Kg4 Kf7 37. Bg5 Ke8 38. Bh4 Kf7 39. Bg5 1/2-1/2

[Event "42. Zuercher Weihnachtsopen 2018"]
[Site "Zurich"]
[Date "2018.12.29"]
[Round "6"]
[White "Florescu, Codrut-Constantin"]
[Black "Le, Tuan Minh"]
[Result "0-1"]
[WhiteElo "2284"]
[BlackElo "2515"]
[Annotator "ChessBase"]
[PlyCount "70"]
[EventDate "2018.12.26"]
[EventCountry "SUI"]
[SourceTitle "playchess.com"]
[Source "ChessBase"]
[SourceQuality "1"]

1. d4 Nf6 2. Bf4 e6 3. e3 d5 4. Nd2 Bd6 5. Bg3 O-O 6. c3 c5 7. Bd3 Qc7 8. dxc5 Qxc5 9. Ngf3 Rd8 10. Qc2 h6 11. O-O Bxg3 12. hxg3 Nc6 13. e4 b6 14. e5 Nd7 15. Nb3 Qe7 16. Qe2 f6 17. exf6 Qxf6 18. Rfe1 e5 19. Bb5 e4 20. Qd2 Nde5 21. Nxe5 Nxe5 22. Qf4 Qe7 23. Rad1 Bg4 24. Rd4 Rd6 25. Qd2 Rad8 26. f4 Nf7 27. Bf1 h5 28. Qc1 h4 29. Re3 Nh6 30. gxh4 Qxh4 31. Qe1 Qh5 32. Be2 Nf5 33. Rh3 Qg6 34. Bxg4 Qxg4 35. Ra4 Rg6 0-1

[Event "42. Zuercher Weihnachtsopen 2018"]
[Site "Zurich"]
[Date "2018.12.30"]
[Round "7"]
[White "Bluebaum, Matthias"]
[Black "Istratescu, Andrei"]
[Result "0-1"]
[WhiteElo "2611"]
[BlackElo "2564"]
[Annotator "ChessBase"]
[PlyCount "64"]
[EventDate "2018.12.26"]
[EventCountry "SUI"]
[SourceTitle "playchess.com"]
[Source "ChessBase"]
[SourceQuality "1"]

1. d4 d6 2. Nf3 Nf6 3. c4 g6 4. Nc3 Bg7 5. e4 O-O 6. h3 c5 7. Be3 cxd4 8. Nxd4 b6 9. Qd2 Bb7 10. f3 Nbd7 11. Bh6 a6 12. h4 e6 13. O-O-O Qe7 14. h5 Nxh5 15. g4 Nhf6 16. Bxg7 Kxg7 17. Qh6+ Kh8 18. Nde2 Rg8 19. g5 Nh5 20. Ng3 f5 21. Nxh5 gxh5 22. f4 fxe4 23. Bh3 Nc5 24. Kb1 e3 25. Rhf1 Ne4 26. Rfe1 Nxc3+ 27. bxc3 Bf3 28. Qxe6 Qxe6 29. Bxe6 Bxd1 30. Rxd1 Rae8 31. Bf7 h4 32. Kc2 e2 0-1

[Event "42. Zuercher Weihnachtsopen 2018"]
[Site "Zurich"]
[Date "2018.12.30"]
[Round "7"]
[White "Svane, Rasmus"]
[Black "Zude, Arno"]
[Result "1-0"]
[WhiteElo "2596"]
[BlackElo "2378"]
[Annotator "ChessBase"]
[PlyCount "75"]
[EventDate "2018.12.26"]
[EventCountry "SUI"]
[SourceTitle "playchess.com"]
[Source "ChessBase"]
[SourceQuality "1"]

1. d4 Nf6 2. c4 e6 3. g3 d5 4. Bg2 dxc4 5. Nf3 a6 6. O-O Nc6 7. Be3 Be7 8. Qc1 Nd5 9. Qxc4 Nxe3 10. fxe3 O-O 11. Nbd2 Rb8 12. Rac1 Bd6 13. Qc3 Bd7 14. e4 f6 15. a3 e5 16. e3 Qe7 17. Nc4 Kh8 18. d5 Na7 19. Nxd6 cxd6 20. Qb4 b6 21. Nd2 a5 22. Qb3 Bb5 23. Rfe1 Qd7 24. Qd1 Rbc8 25. Qh5 Qe7 26. Bh3 Bd7 27. Nc4 Rb8 28. Rc3 Rfd8 29. Rec1 Be8 30. Qf3 Bd7 31. Bxd7 Rxd7 32. Qg4 Qd8 33. a4 g6 34. h4 Kg7 35. Nxd6 b5 36. Qxd7+ Qxd7 37. Rc7 Rd8 38. axb5 1-0

[Event "42. Zuercher Weihnachtsopen 2018"]
[Site "Zurich"]
[Date "2018.12.30"]
[Round "7"]
[White "Wagner, Dennis"]
[Black "Burmakin, Vladimir"]
[Result "1-0"]
[WhiteElo "2576"]
[BlackElo "2520"]
[Annotator "ChessBase"]
[PlyCount "97"]
[EventDate "2018.12.26"]
[EventCountry "SUI"]
[SourceTitle "playchess.com"]
[Source "ChessBase"]
[SourceQuality "1"]

1. e4 c6 2. d4 d5 3. e5 Bf5 4. Nf3 e6 5. Be2 Ne7 6. O-O Nc8 7. b3 Be7 8. c4 O-O 9. Nc3 Nd7 10. Bd3 Bxd3 11. Qxd3 f6 12. exf6 Bxf6 13. Re1 Re8 14. Bf4 Nf8 15. h3 Nd6 16. Bh2 Nf7 17. Rad1 Qa5 18. Na4 Be7 19. Qc2 b5 20. cxb5 cxb5 21. Nc5 Rac8 22. Qb2 Bxc5 23. dxc5 b4 24. Ne5 Ng5 25. c6 Ne4 26. Rd3 Re7 27. f3 Nd6 28. Qf2 Nb5 29. Qc5 Qb6 30. Rc1 Nc3 31. Qxb6 axb6 32. Rd2 Ra7 33. Rcc2 Raa8 34. Kf2 Ng6 35. Nxg6 hxg6 36. c7 Kf7 37. Be5 Ra5 38. Rd4 Rc5 39. Rcd2 Nb5 40. Rxb4 Nxc7 41. Rxb6 Ne8 42. Rb7+ Kg8 43. a4 Nf6 44. b4 Rc2 45. Rxc2 Rxc2+ 46. Ke3 Rxg2 47. a5 Ra2 48. Ra7 Ra4 49. Bxf6 1-0

[Event "42. Zuercher Weihnachtsopen 2018"]
[Site "Zurich"]
[Date "2018.12.30"]
[Round "7"]
[White "Narayanan.S.L"]
[Black "Martirosyan, Haik M."]
[Result "1/2-1/2"]
[WhiteElo "2575"]
[BlackElo "2607"]
[Annotator "TA"]
[PlyCount "34"]
[EventDate "2018.12.26"]
[EventCountry "SUI"]
[SourceTitle "playchess.com"]
[Source "ChessBase"]
[SourceQuality "1"]

{[%evp 18,24,10,-13,0,0,0,-8,-7]} 1. Nf3 Nf6 2. c4 e6 3. Nc3 c5 4. g3 b6 5. Bg2 Bb7 6. O-O Be7 7. Re1 d5 8. cxd5 Nxd5 9. Nxd5 {A30: Symmetrical English: Double Fianchetto and Hedgehog} (9. d4 cxd4 10. Nxd5 Qxd5 11. Qxd4 O-O 12. Bf4 Qxd4 13. Nxd4 Bxg2 14. Kxg2 Rd8 15. Nb5 Nc6 16. Rac1 Nd4 17. Nxd4 Rxd4 {½-½ (79) Le,Q (2737)-Yu,Y (2751) Huaian 2017}) 9... Qxd5 10. e4 {LiveBook: 3 Games. The position is equal.} Qd7 11. d4 cxd4 12. Qxd4 O-O {Predecessor:} 13. Bf4 $146 Qxd4 14. Nxd4 Nc6 15. e5 Nxd4 16. Bxb7 Nc2 17. Bxa8 Rxa8 {½-½ (42) Porras Mateo,F (2243)-Mokal,A (2046) Barcelona 2014} 1/2-1/2

[Event "42. Zuercher Weihnachtsopen 2018"]
[Site "Zurich"]
[Date "2018.12.30"]
[Round "7"]
[White "Kunin, Vitaly"]
[Black "Bauer, Christian"]
[Result "1/2-1/2"]
[WhiteElo "2535"]
[BlackElo "2646"]
[Annotator "ChessBase"]
[PlyCount "145"]
[EventDate "2018.12.26"]
[EventCountry "SUI"]
[SourceTitle "playchess.com"]
[Source "ChessBase"]
[SourceQuality "1"]

1. d4 Nf6 2. c4 e6 3. Nf3 Bb4+ 4. Nbd2 a5 5. a3 Be7 6. e4 d6 7. b3 O-O 8. Bb2 Nfd7 9. Be2 Nc6 10. O-O Bf6 11. Qc2 e5 12. d5 Ne7 13. b4 c5 14. dxc6 Nxc6 15. b5 Ne7 16. Rfd1 Qc7 17. Nf1 Nc5 18. Ne3 b6 19. a4 Be6 20. Nd5 Nxd5 21. cxd5 Bd7 22. Ba3 Rac8 23. Rdc1 Qb8 24. Bxc5 Rxc5 25. Qb2 Rfc8 26. Rxc5 Rxc5 27. Rc1 Qc7 28. Rxc5 Qxc5 29. Ne1 g6 30. Qc2 Qb4 31. Kf1 Bd8 32. Bd3 Kg7 33. h3 Qa3 34. Ke2 h5 35. Nf3 g5 36. Nd2 g4 37. hxg4 Bxg4+ 38. f3 Bd7 39. Nc4 Qc5 40. Ne3 Qd4 41. Qc4 Qa1 42. Nd1 h4 43. Kd2 Bg5+ 44. Ke1 h3 45. gxh3 Bh4+ 46. Kd2 Bg5+ 47. Ke1 Bxh3 48. Be2 Kg6 49. Bd3 Bh4+ 50. Kd2 Bg5+ 51. Ke1 Bh4+ 52. Kd2 Qa3 53. Ke2 Kg7 54. Nf2 Qa1 55. Nd1 Bf1+ 56. Kxf1 Qxd1+ 57. Kg2 Qd2+ 58. Kh1 Qd1+ 59. Kg2 Qe1 60. Qc2 Qg3+ 61. Kh1 Qe1+ 62. Kg2 Kf6 63. Qe2 Qg3+ 64. Kh1 Bg5 65. Qg2 Qh4+ 66. Kg1 Qe1+ 67. Bf1 Be3+ 68. Kh1 Qa1 69. Qh3 Qxa4 70. Qh8+ Ke7 71. Qh4+ Ke8 72. Qh8+ Ke7 73. Qh4+ 1/2-1/2

[Event "42. Zuercher Weihnachtsopen 2018"]
[Site "Zurich"]
[Date "2018.12.30"]
[Round "7"]
[White "Le, Tuan Minh"]
[Black "Vorobiov, Evgeny E."]
[Result "1/2-1/2"]
[WhiteElo "2515"]
[BlackElo "2567"]
[Annotator "ChessBase"]
[PlyCount "113"]
[EventDate "2018.12.26"]
[EventCountry "SUI"]
[SourceTitle "playchess.com"]
[Source "ChessBase"]
[SourceQuality "1"]

1. Nf3 d5 2. c4 dxc4 3. Qa4+ Nc6 4. e3 Bd7 5. Bxc4 e6 6. Qc2 Nf6 7. Nc3 a6 8. b3 Nb4 9. Qb1 c5 10. O-O Be7 11. Rd1 O-O 12. Bb2 Rc8 13. d4 cxd4 14. Rxd4 Qc7 15. a3 Nc6 16. Rh4 h6 17. Ne4 Nxe4 18. Rxe4 b5 19. Bd3 f5 20. Rg4 Bf6 21. Rg3 Ne5 22. Bf1 Nxf3+ 23. gxf3 Bxb2 24. Qxb2 Qc3 25. Qb1 f4 26. exf4 Rxf4 27. a4 Rxf3 28. axb5 Bxb5 29. Bxb5 axb5 30. Qd1 Rcf8 31. Ra2 b4 32. Rd2 R8f5 33. Rd6 Rxg3+ 34. hxg3 Qc5 35. Rd8+ Rf8 36. Rd2 Qf5 37. Qe1 e5 38. Re2 Qd3 39. Re3 Qc2 40. Qe2 Qxe2 41. Rxe2 Rf3 42. Rxe5 Rxb3 43. Rb5 Kf7 44. Rb6 h5 45. Kg2 g5 46. Rb5 Kf6 47. Rb6+ Ke7 48. Rb5 g4 49. Rxh5 Rc3 50. Rg5 Rc4 51. Kf1 Kd6 52. Ke2 b3 53. Rb5 Rc2+ 54. Kd1 Rc3 55. Kd2 Rf3 56. Kc1 Rxf2 57. Rb4 1/2-1/2

[Event "42. Zuercher Weihnachtsopen 2018"]
[Site "Zurich"]
[Date "2018.12.30"]
[Round "7"]
[White "Pikula, Dejan"]
[Black "Kurmann, Oliver"]
[Result "1/2-1/2"]
[WhiteElo "2486"]
[BlackElo "2447"]
[Annotator "ChessBase"]
[PlyCount "74"]
[EventDate "2018.12.26"]
[EventCountry "SUI"]
[SourceTitle "playchess.com"]
[Source "ChessBase"]
[SourceQuality "1"]

1. e4 e5 2. Nf3 Nc6 3. Bc4 Bc5 4. O-O Nf6 5. d3 a6 6. c3 d6 7. h3 O-O 8. Bb3 h6 9. Re1 Re8 10. Nbd2 Be6 11. Nf1 Bxb3 12. Qxb3 Qd7 13. Ng3 Rab8 14. Qc2 d5 15. Bd2 Bf8 16. Rad1 Rbd8 17. Bc1 dxe4 18. dxe4 Qe6 19. b3 Nb8 20. c4 Rxd1 21. Rxd1 Qc6 22. Bb2 Nbd7 23. a3 a5 24. Rb1 g6 25. Bc1 b5 26. Bb2 Kh7 27. Rc1 b4 28. axb4 axb4 29. Ra1 Bd6 30. Nh2 h5 31. Nf3 Nc5 32. Re1 Kg8 33. Ng5 Ra8 34. Re3 Ra2 35. Qb1 Qa8 36. h4 Nfd7 37. Ne2 Ra6 1/2-1/2

[Event "42. Zuercher Weihnachtsopen 2018"]
[Site "Zurich"]
[Date "2018.12.30"]
[Round "7"]
[White "Berend, Fred"]
[Black "Krishna C R G"]
[Result "1/2-1/2"]
[WhiteElo "2370"]
[BlackElo "2464"]
[Annotator "ChessBase"]
[PlyCount "51"]
[EventDate "2018.12.26"]
[EventCountry "SUI"]
[SourceTitle "playchess.com"]
[Source "ChessBase"]
[SourceQuality "1"]

1. e4 e6 2. d4 d5 3. Nc3 Bb4 4. e5 c5 5. a3 Bxc3+ 6. bxc3 Qa5 7. Bd2 Qa4 8. Qg4 Kf8 9. Qd1 b6 10. Bd3 Nc6 11. Nf3 cxd4 12. cxd4 Ba6 13. Qe2 Bxd3 14. Qxd3 Nge7 15. O-O Ke8 16. Bb4 h6 17. Rfc1 Kd7 18. Nd2 Rhc8 19. c4 dxc4 20. Nxc4 Nxb4 21. axb4 Qb5 22. Qf3 Qd5 23. Qe2 Qb5 24. Qf3 Qd5 25. Qe2 Qb5 26. Qf3 1/2-1/2